| 000 | 00530nam a22001577a 4500 | ||
|---|---|---|---|
| 008 | 230220b |||||||| |||| 00| 0 eng d | ||
| 050 | _aBS 535 .H65 2016 | ||
| 245 |
_aHoly bible: _bcontaining the old and new testaments |
||
| 260 |
_aNashville, TN: _bThe Gideons International, _c2016. |
||
| 300 |
_a1192p. : _c20 cm. |
||
| 650 |
_aBible _vNew Testament |
||
| 650 |
_aBible _vOld Testament |
||
| 650 | _aConfraternity of Christian Doctrine | ||
| 650 | _aBible | ||
| 942 |
_2lcc _cREF_BOOK _hREF BS 535 .H65 2016 |
||
| 999 |
_c31526 _d31526 |
||